000 00439nam a22001817a 4500
003 MPLRDC
005 20220104123335.0
008 210129b ||||| |||| 00| 0 eng d
020 _a957-754-045-7
082 _a310.92 WRQ
100 _a吴让泉等著
245 _a数学的智慧之光
_c
250 _a初版
260 _a
_b国际村文库书店
_c1993
300 _b
650 _a中国数学史
942 _cBK
_o310.92 WRQ
999 _c10587
_d10577